000 00661nam a2200169 i 4500
001 184562
003 ES-MaACL
005 20230906222227.0
008 151022s1855 sp |||| | spa d
245 0 0 _aColeccion de Córtes de los antiguos reinos de España.
_pCatálogo /
_cpor la Real Academia de la Historia.
260 _aMadrid :
_b[s.n.],
_c1855 (
_fImp. de José Rodriguez)
300 _aVI, 214 p. ;
_c28 cm.
650 4 _aParlamentos-
_zEspaña-
_vHistoria-
_vFuentes-
_vBibliografías.
_9157978
651 4 _aEspaña-
_xHistoria-
_vFuentes-
_vBibliografías.
_9149318
710 2 _aReal Academia de la Historia (España)
_96309
852 _aES-MaACL
_jF-2222
999 _c184562
_d184562